Pays par indices #2 - Statistiques

Statistiques générales
  • Ce quiz a été pris 230 fois
  • Le résultat moyen est 17 sur 20
Statistiques - réponses
Continent Ville Personnalité connue Couleur présente sur le drapeau Indice supplémentaire Pays % Correct
Amérique du Nord Winnipeg Justin Bieber Blanc Terre-Neuve Canada
97%
Europe Malines Jacques Brel Noir Moules-frites Belgique
93%
Océanie Christchurch Russell Crowe Bleu Haka Nouvelle-Zélande
93%
Asie Nha Trang Hô Chi Minh Rouge Guerre connue Vietnam
93%
Amérique du Sud Paysandú Edinson Cavani Bleu 1ère Coupe du monde de foot Uruguay
92%
Asie Hyderabad Jawaharlal Nehru Orange Bollywood Inde
91%
Europe Iași Elena Ceauşescu Jaune Vampire Roumanie
91%
Europe Mayence Karl Marx Jaune Bratwurst Allemagne
90%
Europe Oulu Kimi Räikkönen Bleu Père Noël Finlande
89%
Amérique du Sud Cuzco Mario Vargas Llosa Rouge Lama Pérou
89%
Afrique Sfax Michel Boujenah Rouge Maghreb Tunisie
89%
Afrique Guédiawaye Sadio Mané Jaune Wolof Sénégal
85%
Amérique du Nord San José Keylor Navas Bleu Casado Costa Rica
80%
Amérique du Nord Bridgetown Rihanna Bleu Sud-Est des Antilles Barbade
76%
Asie Mechhed Mehdi Taremi Blanc Chah Iran
76%
Europe Pula Toni Kukoč Rouge Dalmatie Croatie
73%
Asie Lahore Imran Khan Vert Cachemire Pakistan
71%
Afrique Mombasa Eliud Kipchoge Noir Lac Victoria Kenya
69%
Europe Plovdiv Sylvie Vartan Vert Yaourt Bulgarie
64%
Afrique Maputo Malangatana Ngwenya Jaune Canal au nom du pays Mozambique
49%
Aucun quiz correspondant
Distribution des résultats
% des personnes avec chaque résultat
Percentile par nombre de réponses
Votre historique - résultats
Vous n’avez pas pris ce quiz